Normal view
MARC view
- BEER, FERDINAND P, JOHNSTON, E. RUSSELL
Entry Personal Name
001 - CONTROL NUMBER
- control field: 56612
003 - CONTROL NUMBER IDENTIFIER
- control field: NUST
005 - DATE AND TIME OF LATEST TRANSACTION
- control field: 20210628201735.0
008 - FIXED-LENGTH DATA ELEMENTS
- fixed length control field: 210628|| aca||aabn | a|a d
040 ## - CATALOGING SOURCE
- Original cataloging agency: NUST
- Transcribing agency: NUST
100 ## - HEADING--PERSONAL NAME
- Personal name: BEER, FERDINAND P, JOHNSTON, E. RUSSELL
670 ## - SOURCE DATA FOUND
- Source citation: Work cat.: (NUST): BEER, FERDINAND P, JOHNSTON, E. RUSSELL, VECTOR MECHANICS FOR ENGINEERS, STATICS AND DYNAMICS, MECHANICS APPLIED VECTOR ANALYSIS MECHANICS APPLIED PROBLEMS EXCERCISE, 1977
